书目信息

书名: 后现代主义社会理论管窥 
作者: 郑争文
出版信息: 上海   上海三联书店  2020.7
开本页数: 21cm  149页
丛书名: 社会科学方法论与社会哲学研究丛书
单 册:
中图分类: C91
科图分类:
主题词: 社会学--she hui xue--研究
电子资源:
ISBN: 978-7-5426-6182-1
000 01186nam 2200277 450
001 012023000195
005 20200924080402.1
010    @a978-7-5426-6182-1@dCNY36.00
100    @a20200923d2020 em y0chiy50 ea
101 @achi
102    @aCN@b310000
105    @ay a 000yy
106    @ar
200 @a后现代主义社会理论管窥@Ahou xian dai zhu yi she hui li lun guan kui@f郑争文著
210    @a上海@c上海三联书店@d2020.7
215    @a149页@d21cm
225 @a社会科学方法论与社会哲学研究丛书@Ashe hui ke xue fang fa lun yu she hui zhe xue yan jiu cong shu
300    @a本丛书系2017年上海市文教结合“高效服务国家重大战略出版工程”项目
320    @a有书目 (第146-149页)
330    @a本书主要对西方后现代社会理论作一番整体性梳理和阐述, 内容涉及利奥塔、福柯、鲍德里亚、德勒兹、德里达、吉登斯的社会理论, 对其在渊源、理论特点、思想影响等方面作了综合性的比较研究, 并在此基础上, 对后现代理论意义及其问题, 作了较为全面的评判及批判。
410  0 @12001 @a社会科学方法论与社会哲学研究丛书
606 @a社会学@Ashe hui xue@x研究
690    @aC91@v5
701  0 @a郑争文@Azheng zheng wen@4著
801  0 @aCN@bCDNYKJZYXY@c20200923
905    @aCDNYKJZYXY@b300698701-3@dC91@e226@f3
    
    后现代主义社会理论管窥/郑争文著.-上海:上海三联书店,2020.7
    149页;21cm.-(社会科学方法论与社会哲学研究丛书)
    本丛书系2017年上海市文教结合“高效服务国家重大战略出版工程”项目
    
    ISBN 978-7-5426-6182-1:CNY36.00
    本书主要对西方后现代社会理论作一番整体性梳理和阐述, 内容涉及利奥塔、福柯、鲍德里亚、德勒兹、德里达、吉登斯的社会理论, 对其在渊源、理论特点、思想影响等方面作了综合性的比较研究, 并在此基础上, 对后现代理论意义及其问题, 作了较为全面的评判及批判。
相关链接 在五车中查询图书 在当当中查询图书 在豆瓣中查询图书


正题名:后现代主义社会理论管窥     索取号:C91/226         预约/预借

序号 登录号 条形码 馆藏地/架位号 状态 备注
1 698701   300698701   柳城-3楼/1架7列5层/ [索取号:C91/226] 在馆    
2 698702   300698702   柳城-3楼/1架7列5层/ [索取号:C91/226] 在馆    
3 698703   300698703   柳城-3楼/1架7列5层/ [索取号:C91/226] 在馆